Mở rừng : Tiểu thuyết

Wedi'i Gadw mewn:
Manylion Llyfryddiaeth
Prif Awdur: Lê, Lựu
Fformat: Llyfr
Iaith:Undetermined
Cyhoeddwyd: Thành phố Hồ Chí Minh Thanh Niên 2004
Pynciau:
Tagiau: Ychwanegu Tag
Dim Tagiau, Byddwch y cyntaf i dagio'r cofnod hwn!
Thư viện lưu trữ: Trung tâm Học liệu Trường Đại học Cần Thơ
LEADER 00621nam a2200229Ia 4500
001 CTU_93646
008 210402s9999 xx 000 0 und d
020 |c 40000 
082 |a 895.922333 
082 |b L566 
100 |a Lê, Lựu 
245 0 |a Mở rừng : 
245 0 |b Tiểu thuyết 
245 0 |c Lê Lựu 
260 |a Thành phố Hồ Chí Minh 
260 |b Thanh Niên 
260 |c 2004 
650 |a Vietnamese fiction,Vietnamese literature 
650 |x 20th century 
650 |y 20th century 
904 |i M.Loan 
980 |a Trung tâm Học liệu Trường Đại học Cần Thơ